| 000 | 011210000a22002170004500 | ||
|---|---|---|---|
| 020 | _a958-607-404-8 | ||
| 041 | 0 | _aSPA | |
| 082 | 0 | 4 | _aG 265 C8223t |
| 100 | 1 | _aCorpas de Posada, Isabel | |
| 245 | 1 | 0 | _aTeología de los Sacramentos : experiencia cristiana y lenguaje sacramental eclesial / Isabel Corpas de Posada |
| 260 | _aBogotá , Colombia : San Pablo | ||
| 300 | _a187 p. | ||
| 501 | _arústico | ||
| 505 | 0 | 0 | _aDiagnóstico de la situación actual de los sacramentos - Presupuesto antropológicos epistemológicos y semiológicos para una aproximación a la experiencia sacramental cristiana - Del lenguaje religioso al lenguaje sacramental cristiano - El lenguaje religioso en los libros de la Biblia - La comunicación de Dios en los libros de la Biblia - El lenguaje sacramental en los libros de la Biblia - Experiencia sacramental y lenguaje sacramental eclesial |
| 650 | 1 | 4 | _aSACRAMENTOS \ VIDA CRISTIANA \ SACRAMENTOS (LITURGIA) \ RELIGION Y LENGUAJE |
| 001 | 18222 | ||
| 942 | _cBK | ||
| 999 |
_c44691 _d44691 |
||
| 336 |
_atexto _btxt _2rdacontent |
||
| 337 |
_2rdamedia _asin mediación _bn |
||
| 338 |
_2rdacarrier _avolumen _bnc |
||